[Event "Dubai op"]
[Site "Dubai"]
[Date "2001.04.23"]
[Round "8"]
[White "Aleksandrov, Aleksej"]
[Black "Kunte, Abhijit"]
[Result "1-0"]
[WhiteElo "2610"]
[BlackElo "2568"]
[Annotator "Wells,P"]
[PlyCount "77"]
[EventDate "2001.04.15"]
[EventType "swiss"]
[EventRounds "9"]
[EventCountry "UAE"]
[SourceTitle "CBM 083"]
[Source "ChessBase"]
[SourceDate "2001.07.05"]
[SourceVersion "1"]
[SourceVersionDate "2001.07.05"]
[SourceQuality "1"]

1. d4 Nf6 2. c4 e6 3. Nc3 Bb4 4. e3 c5 5. Bd3 d5 6. Nf3 cxd4 7. exd4 dxc4 8.
Bxc4 O-O 9. O-O a6 {Increased in popularity in recent years. The 'extended
fianchetto' is a more ambitious way to seek play whether black is intending to
retreat his bishop to e7, or capture on c3 at a later stage.} 10. a3 $5 {
Since white has had problems demonstrating an advantage in several of the main
lines here, this interesting forcing of the issue deserves further
investigation. The main idea is that while ...a6 and ...b5 could be a major
positional trump in blockading white's c3 and d4 pawns, white can also target
the b-pawn with themove a4. This creates a position rich in tension.} Bxc3 {
This must be critical, since in the event of the bishop's retreat, the move a3
is a clearly useful and flexible one for white to have made. Indeed the
position more often arises with black to play! Examples:} (10... Be7 11. Ba2 $1
b5 (11... Bd7 $5 $14) (11... Nc6 12. Re1 b5 13. d5 $1 {Same story - the tempo
loss Bb4-e7 is perhaps too much against this sweetly efficient a3/Ba2 set-up.}
exd5 14. Nxd5 Nxd5 15. Qxd5 Bb7 16. Qh5 $1 $40 Qd6 17. Bg5 Rad8 18. Bxe7 Nxe7
19. Ng5 Qg6 20. Qxg6 $1 Nxg6 21. Nxf7 Rd2 $2 (21... Rxf7 22. Rad1 $16) 22. Red1
Rxb2 23. Nd6+ Kh8 24. Nxb7 Rfxf2 25. Rd8+ Nf8 26. Bd5 $18 {1-0 Khenkin,
I-Bagirov,V/Muenster 1997/CBM 60 ext (29)}) 12. d5 $1 {This liquidation of the
IQP is here very dangerous for black who is seriously underdeveloped.} exd5 13.
Nxd5 Bb7 14. Nxe7+ Qxe7 15. Bg5 Nbd7 16. Re1 Qc5 17. Be3 Qf5 18. Nh4 Qe4 19.
Bg5 Qc6 20. Rc1 Qb6 21. Be3 Qd8 22. Nf5 $16 {1-0 Dolmatov,S-Larsen,B/Amsterdam
1980/Inf 30 (30)}) 11. bxc3 b5 ({Since the lynchpin of white's plan will be
the attack on black's advanced b5 pawn, it makes a certain sense to look at
alternatives. In any case, an early ...Qc7 generally comes into consideration
whenever white has expended a tempo encouraging the early ...Bxc3 and this
loss of a devalopment tempo may catch him with a momentary vulnerability on
the c-file. The crux of the matter will often be whether white can afford to
offer c3 for rapid development.} 11... Qc7 {[%csl Rc3][%cal Gc7c3]} 12. Qe2 $1
b5 13. Bd3 Bb7 ({Of course} 13... Qxc3 $6 {is critical, but I think white has
it covered.} 14. Bb2 $1 (14. Bg5 Nbd7 15. Rfc1 (15. a4 Bb7 16. Rfc1 $13) 15...
Qa5 16. Ne5 Bb7 $1 (16... Nxe5 $6 17. dxe5 $1 (17. Bxf6 Ng6 $1 $15 (17... Nxd3
$2 18. Qg4 g6 19. Qg5 $40)) 17... Nd5 18. Qh5 $1 (18. Qe4 g6) 18... g6 19. Qh6
$40 f5 $140 20. exf6 Ra7 21. Bxg6 hxg6 22. Qxg6+ Kh8 23. Bh6 $18) 17. Nxd7 Nxd7
18. Qc2 (18. Qh5 g6 19. Qh6) 18... h6 $1 $13 (18... g6 $6 19. Qc7 Qxc7 20. Rxc7
Bc8 21. Be4 Rb8 22. Rac1 $44)) 14... Qa5 15. d5 $1 {[%cal Yb2f6,Yd3h7]} Nxd5 (
15... exd5 16. Bxf6 gxf6 17. Nd4 Qc3 18. Qe3 $40) 16. Bxh7+ $5 (16. Ng5 h6 17.
Nh7 Re8 18. Rac1 Qd8 19. Qe5 f6 20. Qg3 $13) (16. Qe4 $6 f5 17. Qd4 Nf6 18.
Rac1 Rd8 $15) 16... Kxh7 17. Ng5+ Kg6 18. Qd3+ f5 (18... Kxg5 19. f4+ $1 Nxf4
20. Rxf4 $18) 19. Qg3 $40) 14. Bd2 Nbd7 15. a4 bxa4 16. Rxa4 Nd5 17. Ra3 Rfe8 (
17... Nf4 $5 18. Bxf4 Qxf4 19. Qe3 Qg4 20. h3 Qh5 21. Rb1) 18. Rb1 e5 {These
variations of the Nimzo with the 'lesser hanging pawns' - on c3 and d4, are a
notable case of the phenomenon I discussed in my strategy column a couple of
issues ago, namely that the side fighting against the bishop pair tends} 19.
dxe5 Nxe5 20. Nxe5 Rxe5 21. Qd1 Rae8 22. c4 Nf6 23. Bf1 R5e6 24. Qb3 Ba8 25.
Ba5 Qf4 26. Qg3 Qf5 27. Rb8 Rxb8 28. Qxb8+ Re8 29. Qa7 h5 30. Bc3 Ne4 31. Ra5
Qc8 32. Bd4 {White is definitely somewhat better now - bishop pair, king-side
structure and more dangerous passed pawn. What comes next has the chillingly
familiar feel of desparate 'zeitnot' about it.} Nd2 $2 $138 33. Rg5 Re1 (33...
Qxc4 $5 34. Rxg7+ Kf8 35. h4 $1 Qxf1+ 36. Kh2 Qc4 37. Rh7 $1 $18) 34. Rxg7+ Kf8
(34... Kh8 35. Rg6+) 35. Qxf7# {1-0 Nenashev,A-Chandler,M/Bundesliga 2000 (35)}
) 12. Bd3 Bb7 (12... Qc7 13. Qc2 $6 (13. a4 $5 Qxc3 14. Bg5 Nbd7 15. axb5)
13... Bb7 {[%cal Gb7f3]} 14. a4 Rc8 15. Bb2 Bxf3 16. gxf3 Nc6 $132 {0-1 Nunez
Lucero,F-Oms Pallise,J/Barcelona 2000 (35)}) 13. a4 Qd5 14. axb5 (14. Qe2 {
might be an interesting attempt to reach something similar to the note to
white's 15th without having to exchange rooks on a8. However, in the game
Kosintseva - Stepovaia, Warsaw European Women's Ch 2001, white soon felt
obliged to return her rook from a1 to e1 anyway, so the effect was no more
than transpositional. In any case, after} Rc8 15. Bd2 Ne4 16. axb5 {black
might also consider} Nxd2 $5 (16... axb5 17. Bxe4 Qxe4 18. Qxb5 Rxa1 (18... Bc6
$6 19. Qg5) (18... Ba6 $6 19. Qa4) 19. Rxa1 Bd5 $13) 17. Qxd2 axb5 18. Rxa8
Bxa8 19. Rb1 Bc6 {and black is probably OK.}) 14... axb5 15. Rb1 $5 {A
relatively recent approach, but a highly logical one. In the game of 'whose
pawn is the weaker' ( c3 or b5 ) black is handicapped by his slower
development.} (15. Rxa8 Bxa8 16. Qe2 Rc8 $1 17. Bd2 Ne4 {is a well known line,
in which black's positional pressure in conjunction with the bishop pair
renders white's extra pawn pretty well unrealisable after} 18. Bxe4 Qxe4 19.
Qxb5 Bd5 20. Re1 Qg6 21. Qe2 Nc6 22. Bf4 Na5 $44 {[%csl Rc3,Rc4][%cal Ga5c4]}
23. Nh4 Qf6 24. Qg4 h6 25. Qg3 Nc4 26. h3 Kh7 27. Qd3+ Kg8 28. Bg3 g5 29. Nf3 {
1/2-1/2 Dolmatov,S-Psakhis,L/Yerevan 1982/MCL (29)}) 15... Bc6 16. Re1 $5 (16.
Qb3 Nbd7 17. Bxb5 Bxb5 18. Qxb5 Rfc8 19. Bd2 Qxb5 20. Rxb5 Ne4 21. Rb7 Ndf6 22.
Rc1 h6 (22... Nd5 $5) 23. c4 Ra4 24. Rb4 Ra2 25. Be1 Nd5 26. Rb3 Nf4 27. Kf1 g5
28. Re3 $14 {1-0 Grigoriants,S-Langheinrich,F/Oropesa del Mar 1999/CBM 72 ext 
(46)}) 16... Nbd7 17. Qe2 Ra2 18. Qf1 Ng4 19. Re2 {There is something rather
cool and controlled about white's play.He allows black an apparent initiative,
which is then beaten back. Meanwhile, white maintains his pressure on b5.} Rc8
{Important to make c3 a factor once again.} 20. Bxb5 Rxe2 (20... Bxb5 21. Rxb5
Qxb5 22. Rxa2 Qxf1+ 23. Kxf1 Nb6 24. Ra3 {is from white's point of view a
better version.}) 21. Qxe2 Bxb5 22. Rxb5 $14 {Typical pawn structure for the
line - this is about the most which white's strategy aims at - but here it is
notable that the knight on g4 is misplaced for coming to the critical e4 or d5
squares.} Rxc3 $6 {Obviously black does not believe his own compensation, and
wishes to radically alter the flow of the play. Alexandrov's technique in the
queen v rook and knight phase is impressive, and makes this decision look in
retrospect distinctly rash.} 23. Rxd5 Rxc1+ 24. Ne1 exd5 25. Qd2 Rb1 26. f3
Ngf6 27. Kf2 h6 28. Nd3 Rb8 29. Qc2 Re8 30. Qc7 g6 31. g4 $1 {[%csl Rd7][%cal
Gd7f6,Gf6d7]} g5 {Stops the h4 and g5 plan, but creates further weaknesses on
the knig-side. When playing with the queen, the priority is generally to
attack. Here white is able to build this rather directly.} 32. Nc5 Nf8 33. Nb7
$1 Ne6 34. Qe5 Nd7 35. Qxd5 Ndf8 36. Qc4 Nf4 37. Nd6 Re6 38. Qc7 Rf6 39. Qe7 {
[%csl Rf6,Rf7]} 1-0

[Event "RUS-Cup03 Geller Memorial"]
[Site "Moscow"]
[Date "1999.02.10"]
[Round "1"]
[White "Kosarev, Andrei M"]
[Black "Landa, Konstantin"]
[Result "1/2-1/2"]
[WhiteElo "2345"]
[BlackElo "2542"]
[Annotator "Wells,P"]
[PlyCount "125"]
[EventDate "1999.02.10"]
[EventType "swiss"]
[EventRounds "9"]
[EventCountry "RUS"]
[SourceTitle "CBM 070"]
[Source "ChessBase"]
[SourceDate "1999.06.08"]
[SourceVersion "1"]
[SourceVersionDate "1999.06.08"]
[SourceQuality "1"]

1. d4 d5 2. c4 e6 3. Nc3 Bb4 4. e3 {White largely ignores black's provocative
move order, and the game heads into normal channels. Other possibilities here
include:} (4. Nf3 Nf6 (4... Ne7 $5) 5. Bg5 {-> D38-39.}) (4. a3 Bxc3+ 5. bxc3
c5 6. e3 Ne7 $5 (6... Nf6 $14 {- black's ...d7-d5 can be inaccurate when white
has played with e2-e3 rather than f2-f3.})) (4. Qa4+ $5) 4... Nf6 5. Nf3 c5 6.
Bd3 O-O 7. O-O dxc4 8. Bxc4 b6 9. a3 $1 {If white could not force the issue in
this way then black's 8th move would be more popular - there would be no
reason to free up white's development by 8...cxd4 ( the main line these days ).
The text move however highlights a problem. Black has to relinquish the bishop
pair, and must either capture on c3, strengthening white's centre and ensuring
that a future capture on d4 will be recaptured with the c-pawn, or accept a
slightly inferior ending with no real chances to play for the full point.} Bxc3
(9... cxd4 10. axb4 $1 (10. exd4 $6 Bxc3 11. bxc3 Qc7 {[%csl Rc3][%cal Yc7c3]}
12. Ne5 Nc6 13. Re1 Bb7 14. Bf1 Nxe5 15. dxe5 Ne4 {[%csl Rc3,Re5]} 16. Qh5 Qxc3
(16... f5 $5) 17. Bf4 Rad8 18. Rac1 Qxa3 19. Rc4 Nd2 20. Bh6 $1 Qe7 21. Bxg7
Kxg7 22. Rh4 Nf3+ 23. gxf3 Rg8 24. Bg2 (24. Qxh7+ Kf8+ 25. Rg4 Rxg4+ 26. fxg4
Qg5 $13) 24... Kf8 25. Qh6+ Ke8 26. Qxh7 Rxg2+ $1 27. Kxg2 Qg5+ 28. Kh3 Bxf3
29. Qh8+ Kd7 30. Rd4+ Kc6 31. Rc1+ (31. Qxd8 Bg2#) 31... Kb5 32. Rb4+ Kxb4 33.
Qf8+ Rxf8 34. Rc4+ Kb3 {The stalemate motif is elegant but not very effective
here, since a bishop move is sufficient to unblock the f-pawn.} 35. Rc3+ Kb2
36. Rc2+ Kb1 37. Rb2+ Kc1 38. Rb1+ Kd2 39. Rb2+ Ke1 {0-1 Akesson,R-Nielsen,P/
Aaland-Stockholm 1997/EXT 98 (39) since if} 40. Rb1+ Bd1 {[%cal Yf2f4,Yf2f3]})
10... dxc3 11. Qxd8 Rxd8 12. bxc3 Ne4 (12... Bb7 $5 {Simple and probably best.}
13. Bb2 (13. Be2 a6 14. c4 Nc6 15. Ba3 Ne4 16. Rfc1 f6 17. h3 Rac8 18. Rc2 Kf7
19. Rb1 Ne7 {and black has a very reasonable set-up, although 1-0 Jussupow,
A-Nikolic,P/Munich 1994/CBM 42 (44)}) 13... a6 14. Be2 b5 15. c4 (15. Rfd1 $5)
15... Nc6 $1 {[%csl Rb4] The key defensive move, which virtually secures the
liquidation of the queenside.} 16. cxb5 axb5 17. Rxa8 Rxa8 18. Bxf6 gxf6 19.
Rb1 Ra4 20. Bxb5 {1/2-1/2 Jussupow,A-Karpov,A/Tilburg 1993/CBM 39 (20)}) (12...
a5 13. Bb2 Bb7 14. Be2 Nbd7 15. Rfd1 Rdc8 16. Kf1 Bd5 17. Nd2 $1 {[%csl Gc4]
[%cal Yf2f3,Ye3e4]} Ne5 18. f3 Ne8 (18... Nc4 $2 19. Bxc4 Bxc4+ 20. Nxc4 Rxc4
21. bxa5 bxa5 22. Rxa5 {[%csl Rd8,Re8,Rf8][%cal Yd1d8]}) 19. e4 Bc4 20. Nxc4
Nxc4 21. Bxc4 Rxc4 22. Rd7 $14 {[%csl Re8][%cal Yd7b7] 1-0 Jussupow,
A-Rozentalis,E/BL9596 1996/GER-chT (50) The 'transformation of advantages'.
White has exchanged part of the bishop pair but has in return penetrated with
his rook. Moreover, although neither sides' minor piece is a model, white's
bishop is perhaps surprisingly the easier to improve since black's knight has
no obvious route to a central square.}) 13. Bb2 Nc6 14. Rfd1 Bb7 15. Be2 $1 a6
16. Rxd8+ Rxd8 17. Nd4 $1 Nxd4 18. cxd4 {This plan is of course more effective
with the knight on e4, since otherwise black might create with ...b5 and ..Nd5
some inconvenience.} b5 19. Rc1 Rc8 20. Rxc8+ Bxc8 21. f3 Nd6 22. g4 $1 {
hindering ...f5.} Bb7 (22... Nc4 23. Bc1 {reveals one of the sources of
black's misery. Occupying c4 may look attrctive, but there is no active
follow-up.}) 23. Kf2 f6 24. Bd3 g5 25. Bc3 h6 26. e4 {[%csl Ra6,Rb5,Gd4,Ge4]
[%cal Yd4d5,Ye4e5] 1-0 Sherbakov,R-Prokopchuk,E/Perm 1997/CBM 58 (65) A
typical case where the bishop pair flourishes. Black's knight has no good
outpost linked to a plan, while black's fixed queen-side majority is no match
for white's mobile centre pawns.}) 10. bxc3 Bb7 11. a4 $6 {This seems rather a
luxury. White's strategy, as in so many Nimzo lines should aim for the
quickest execution of the advance e4. Here this has the added plus that it
would serve to blunt the b7 bishop.} (11. Re1 Nbd7 (11... Qc7 12. Bd3 Be4 13.
Bf1 (13. Bxe4 Nxe4 14. Qd3 Qb7 $13 {The key difference. The knight can be
conveniently supported.}) 13... Rd8 14. Ne5 Nbd7 15. Nxd7 Qxd7 16. Bb2 Rac8 17.
f3 Bc6 18. a4 cxd4 19. cxd4 b5 $5 20. axb5 Bxb5 21. Bxb5 Qxb5 22. Qe2 $14 {
1/2-1/2 Gulko,B-Huebner,R/Biel 1976/IZT (55)}) 12. Bd3 Be4 13. Bxe4 $1 {
Here this is better than the standard withdrawal of the bishop to f1. White
will be stronger in the centre and enjoy an active bishop v. knight situation.}
Nxe4 14. Qd3 f5 15. c4 Qe7 16. Bb2 Rad8 17. a4 e5 18. Qc2 exd4 19. exd4 Qf7 20.
d5 $16 {1-0 Gulko,B-Lobron,E/Groningen 1993/CBM 39 (31)}) 11... Qc7 12. Qe2 Rc8
$5 {Directly aiming to exploit white's 11 a4.} ({The routine development would
be} 12... Nbd7 {which also leads to comfortable play.}) 13. Nd2 (13. Bd3 Be4 {
and as usual, other things being equal the exchange of light squared bishops
favours black.}) 13... Ne4 14. Nxe4 Bxe4 15. f3 Bb7 (15... cxd4 16. fxe4 Qxc4
17. Qf2 $1 (17. Qf3 e5 18. cxd4 exd4 19. Bb2 Nc6 $15) 17... f6 18. cxd4 Nc6 {
looks worth consideration. It is not so easy for white to generate a king-side
attack.}) 16. Bd3 Nc6 17. Qf2 (17. Bb2 $5 cxd4 $140 18. cxd4 Nb4 19. Rac1 Qd7
20. Bb5 Bc6 21. e4 $13) 17... cxd4 18. exd4 {Another consequence of white's
rather irrelevant 11th move. In fact this is not too serious - as so often the
opening of the bishop on c1 does lend some wight to white's king-side
aspirations. Still it is worth noting that the positionally desirable capture
towards the centre here allows black serious counterchances on the c-file} (18.
cxd4 $6 Nb4 19. Be2 Qc3 20. Ra3 $140 $2 (20. Rb1 Nd3 21. Bxd3 Qxd3 {[%cal
Yc8c2]} 22. Rb2 Ba6 {[%csl Ra4,Ga6,Gc8,Gd3] and black has the more active
pieces and the tighter pawn formation.}) 20... Qxc1 21. Rxc1 Rxc1+ 22. Bf1 Ba6
$19) 18... Na5 19. Qh4 f5 ({If} 19... h6 20. Bxh6 $1 gxh6 21. Qxh6 {generates
enough attack for white.} f5 22. Qxe6+ Qf7 23. Bxf5 (23. Qe5 $5 {[%cal Yd3f5]}
Rf8 24. Rae1 $13) 23... Rxc3 24. Rac1 $13) 20. Ra3 $1 {[%cal Yc1g5,Yc1f4] Of
course, this is the most efficient defence of c3 since the freedom of the c1
bishop must be retained for more iportant duties.} Bd5 21. Bf4 Qf7 22. Ba6 Qf8
(22... Bb7 $11) 23. Rfa1 Rd8 24. Bg5 Rd7 25. Bb5 Rf7 26. Bf4 Rc8 27. Ba6 Bb7
28. Bd3 Rd7 29. Qe1 Qe7 30. Bb5 {[%mdl 2304] White's policy can be described
as one of constant harrassment. It is quite an instructive use of the bishop
pair in an otherwise not too promising position and seems here, once the
advance ...f7-f5 has weakened black on the dark squares to be effective enough
to keep the balance.} Rdd8 31. Bd3 Qf7 32. Bg5 Rf8 33. Bf4 Qg6 34. Kf2 Rfd8 35.
Rc1 Qf6 36. Kg1 Qe7 37. Rca1 Rd7 38. Bb5 Rd5 39. Qe2 Rdd8 40. Qe1 h6 41. Bd3
Re8 42. Bb5 Rf8 43. Qg3 $1 {[%csl Rd6,Rh6] Black has lost co-ordination and
white is not worse.} Rf6 44. Be5 Rf7 45. Bd6 Qg5 46. Qxg5 hxg5 47. Bb4 Nc4 48.
Bxc4 Rxc4 49. a5 {A' transformation of equalities'. White gives up the bishop
pair to secure the defensive position of the bishop on b4 and to release the
a-pawn. The position should be drawn.} Bd5 50. axb6 axb6 51. Ra6 Rc6 52. Ra8+
Kh7 53. Rb8 Bc4 54. Raa8 Kg6 55. Rf8 Rd7 56. Rfd8 Rcc7 57. Rxd7 Rxd7 58. Rc8
Bd5 59. c4 Bb7 60. Re8 Kf7 61. Rf8+ Kg6 62. Re8 Kf7 63. Rf8+ 1/2-1/2